000 00665nam a2200205 4500
001 136505
003 ES-MaACL
005 20240825063039.0
007 t|
008 070214s1981 sp r ||||1| spa d
100 1 _aRussell, Bertrand,
_d1872-1970
_9101033
245 1 0 _aLógica y conocimiento /
_cBertrand Russell ; compilación de Robert Charles Marsh ; versión... de Javier Muguerza.
250 _a2ª ed.
260 _aMadrid :
_bTaurus,
_c1981.
300 _aXV, 531 p. ;
_c21 cm.
700 1 _aMarsh, Robert Charles.
_977125
700 1 _aMuguerza, Javier.
_984074
852 _aES-MaACL
_jL-3447
_bR.104173
999 _c136505
_d136505